Revarend August Männer (Record no. 99468)

MARC details
000 -LEADER
fixed length control field 00718nam a2200229Ia 4500
003 - CONTROL NUMBER IDENTIFIER
control field OSt
005 - DATE AND TIME OF LATEST TRANSACTION
control field 20260527095155.0
008 - FIXED-LENGTH DATA ELEMENTS--GENERAL INFORMATION
fixed length control field 210210b1995 xxu||||| |||| 00| 0 eng d
040 ## - CATALOGING SOURCE
Transcribing agency AL
041 ## - LANGUAGE CODE
Language code of text/sound track or separate title Tulu
082 ## - DEWEY DECIMAL CLASSIFICATION NUMBER
Classification number T894.9 TULR
100 ## - MAIN ENTRY--PERSONAL NAME
Personal name TULUVER.
9 (RLIN) 264652
Dates associated with a name ತುಳುವೆರ್
245 ## - TITLE STATEMENT
Title Revarend August Männer
Remainder of title ರೆವರೆಂಡ್ ಅಗಸ್ಟ್ ಮೇನರ್
260 ## - PUBLICATION, DISTRIBUTION, ETC.
Place of publication, distribution, etc. Mangaluru
Name of publisher, distributor, etc. Karnataka Tulu Sahitya Academy
Date of publication, distribution, etc. 1995
300 ## - PHYSICAL DESCRIPTION
Extent 46
440 ## - SERIES STATEMENT/ADDED ENTRY--TITLE
Title Madappiyeravandi tuluver-1
9 (RLIN) 264658
650 ## - SUBJECT ADDED ENTRY--TOPICAL TERM
Topical term or geographic name entry element Manner
9 (RLIN) 264653
690 ## - LOCAL SUBJECT ADDED ENTRY--TOPICAL TERM (OCLC, RLIN)
Topical term or geographic name as entry element Biogra
9 (RLIN) 264654
700 ## - ADDED ENTRY--PERSONAL NAME
Personal name Padmanabha kekunnaya
Dates associated with a name ಪದ್ಮನಾಭ ಕೇಕುಣ್ಣಾಯ
9 (RLIN) 264655
906 ## - LOCAL DATA ELEMENT F, LDF (RLIN)
a 050
942 ## - ADDED ENTRY ELEMENTS (KOHA)
Source of classification or shelving scheme Dewey Decimal Classification
Koha item type Book
Holdings
Withdrawn status Lost status Damaged status Not for loan Collection code Home library Current library Shelving location Date acquired Cost, normal purchase price Total Checkouts Full call number Barcode Date last seen Price effective from Koha item type
        Tulu St Aloysius Library St Aloysius Library   02/17/2021 12.00   T894.9 TULR 050970 02/17/2021 02/17/2021 Book